Central Library, Doon University
WEBOPAC (ONLINE PUBLIC ACCESS CATALOGUE)

Classical Mechanics (Record no. 60958)

MARC details
000 -LEADER
fixed length control field 00504nam a22002057a 4500
005 - DATE & TIME
control field 20260602131453.0
008 - FIXED-LENGTH DATA ELEMENTS--GENERAL INFORMATION
fixed length control field 260602b |||||||| |||| 00| 0 eng d
020 ## - ISBN
International Standard Book Number 9789387151758
Price 650.00
040 ## - CATALOGING SOURCE
Original cataloging agency Doon University
041 ## - Language
Language English
082 ## - DDC NUMBER
Classification number 531
Book Number GUP
100 ## - MAIN ENTRY--PERSONAL NAME
Personal name Gupta, S.L.
245 ## - TITLE STATEMENT
Title Classical Mechanics
260 ## - PUBLICATION, DISTRIBUTION, ETC. (IMPRINT)
Place of publication, distribution, etc Meerut
Name of publisher, distributor, etc Pragati
Date of publication, distribution, etc 2025
300 ## - PHYSICAL DESCRIPTION
Pages 516
650 ## - Subject
Subject Physics (PM USHA)
700 ## - Added Entry Personal Name
Added Entry Personal Name Kumar, V.
700 ## - Added Entry Personal Name
Added Entry Personal Name Sharma, H.V.
942 ## - ADDED ENTRY ELEMENTS (KOHA)
Koha item type Books
100 ## - MAIN ENTRY--PERSONAL NAME
-- 1608
650 ## - Subject
-- 26699
700 ## - Added Entry Personal Name
-- 7205
700 ## - Added Entry Personal Name
-- 17950
952 ## - LOCATION AND ITEM INFORMATION (KOHA)
-- 2026-06-02
952 ## - LOCATION AND ITEM INFORMATION (KOHA)
-- 2026-06-02
952 ## - LOCATION AND ITEM INFORMATION (KOHA)
-- 2026-06-02
Holdings
Withdrawn status Lost status Source of classification or shelving scheme Damaged status Not for loan Location (home branch) Sublocation or collection (holding branch) Date acquired Koha full call number Accession No. Koha date last seen Koha item type Koha issues (times borrowed)
        Not For Loan Doon University Doon University 02.06.2026 531 GUP 33224 02.06.2026 Reference  
          Doon University Doon University 02.06.2026 531 GUP 33225 02.06.2026 Books  
          Doon University Doon University 02.06.2026 531 GUP 33226 02.06.2026 Books  
Contact : +91-135-2533126 (Library),+91-135-2533105 (Admin Office) , Email : doonlibrary@gmail.com

Powered by Koha